[Event "Palmanova op 12th"]
[Site "Palmanova"]
[Date "2023.12.10"]
[Round "5"]
[White "Giraldi, Edoardo"]
[Black "Capaliku, Aleks"]
[Result "1-0"]
[WhiteElo "2027"]
[BlackElo "1909"]
[PlyCount "41"]
[EventDate "2023.12.08"]
[EventType "swiss"]
[EventRounds "5"]
[EventCountry "ITA"]
[SourceTitle "CB50_2023"]
[SourceDate "2023.12.13"]
[SourceVersion "1"]
[SourceVersionDate "2023.12.13"]
[SourceQuality "1"]

1. e4 e5 2. Bc4 Nf6 3. d3 Bc5 4. Nc3 c6 5. Nf3 d6 6. 0-0 0-0 7. Ne2 h6 8. Ng3 d5 9. Bb3 dxe4 10. dxe4 Qc7 11. h3 a5 12. a3 a4 13. Ba2 Be6 14. Nh4 Nbd7 15. Qf3 Nh7 16. Bxe6 fxe6 17. Qg4 Rae8 18. Bxh6 Ndf6 19. Qg6 Rf7 20. Bc1 Qe7 21. Nf3 1-0

[Event "Palmanova op 11th"]
[Site "Palmanova"]
[Date "2022.12.08"]
[Round "1"]
[White "Titze, Leo"]
[Black "Capaliku, Aleks"]
[Result "1/2-1/2"]
[WhiteElo "2252"]
[BlackElo "2030"]
[PlyCount "118"]
[EventDate "2022.12.08"]
[EventType "swiss"]
[EventRounds "6"]
[EventCountry "ITA"]
[SourceTitle "CBM 211 Extra"]
[Source "ChessBase"]
[SourceDate "2023.01.31"]
[SourceVersion "1"]
[SourceVersionDate "2023.01.31"]
[SourceQuality "1"]

1. e4 e5 2. Nf3 Nc6 3. Bb5 Nf6 4. 0-0 Nxe4 5. Re1 Nd6 6. Nxe5 Nxe5 7. Rxe5+ Be7 8. Bf1 0-0 9. d4 Bf6 10. Re1 Re8 11. c3 c6 12. Bd3 g6 13. Bf4 Rxe1+ 14. Qxe1 Ne8 15. Nd2 d5 16. Nf3 Ng7 17. Qd2 Bf5 18. Re1 Bxd3 19. Qxd3 Qd7 20. Be5 Bxe5 21. Nxe5 Re8 22. g4 Qd6 23. Qd2 f6 24. Nd3 Rxe1+ 25. Qxe1 Ne6 26. Qe3 Kg7 27. f4 b6 28. h4 c5 29. f5 cxd4 30. cxd4 Nc7 31. a3 Qd7 32. Nf4 Kf7 33. Qd3 g5 34. hxg5 fxg5 35. Nh3 h6 36. Nf2 Ne8 37. Qh3 Kg7 38. Qe3 Nf6 39. Qe5 Qe8 40. Kg2 h5 41. gxh5 Qxh5 42. Qe7+ Qf7 43. Qe3 Kh6 44. Nh3 Ne4 45. Qf3 Qf6 46. Nf2 Qxd4 47. Ng4+ Kh7 48. f6 Qxb2+ 49. Kh3 Qc3 50. Qxc3 Nxc3 51. Ne5 Ne4 52. Kg4 Nxf6+ 53. Kxg5 Kg7 54. Kf5 Ne4 55. Ke6 Nc3 56. Nc6 a5 57. Nd4 b5 58. Nc2 Kg6 59. Ke5 Nb1 1/2-1/2

[Event "Nova Gorica op 25th"]
[Site "Nova Gorica"]
[Date "2020.01.25"]
[Round "2"]
[White "Kantor, Gergely"]
[Black "Capaliku, Aleks"]
[Result "1-0"]
[WhiteElo "2541"]
[BlackElo "2056"]
[PlyCount "51"]
[EventDate "2020.01.24"]
[EventType "swiss"]
[EventRounds "9"]
[EventCountry "SLO"]
[SourceTitle "CBM 194"]
[Source "ChessBase"]
[SourceDate "2020.01.27"]
[SourceVersion "1"]
[SourceVersionDate "2020.01.27"]
[SourceQuality "1"]

1. d4 d5 2. c4 e6 3. Nf3 c5 4. cxd5 exd5 5. Nc3 Be6 6. g3 Nf6 7. Bg2 Nc6 8. 0-0 c4 9. Ng5 Bb4 10. e4 0-0 11. e5 Ne8 12. f4 g6 13. f5 Bxc3 14. bxc3 h6 15. Nxe6 fxe6 16. f6 Kf7 17. Bxh6 Rh8 18. Qd2 Nc7 19. h4 Qg8 20. g4 Qh7 21. g5 Nd8 22. Qb2 Ke8 23. Bg7 Rg8 24. Qb4 Rxg7 25. fxg7 Qxg7 26. Rf6 1-0

[Event "Trieste Excelsior Palace op 4th"]
[Site "Trieste"]
[Date "2020.01.03"]
[Round "1"]
[White "Capaliku, Aleks"]
[Black "Naumkin, Igor"]
[Result "0-1"]
[WhiteElo "2056"]
[BlackElo "2406"]
[PlyCount "62"]
[EventDate "2020.01.03"]
[EventType "swiss"]
[EventRounds "5"]
[EventCountry "ITA"]
[SourceTitle "CBM 194 Extra"]
[Source "ChessBase"]
[SourceDate "2020.03.31"]
[SourceVersion "1"]
[SourceVersionDate "2020.03.31"]
[SourceQuality "1"]

1. f4 d5 2. b3 Nf6 3. Nf3 g6 4. e3 Bg7 5. Bb2 c5 6. Bb5+ Bd7 7. Qe2 0-0 8. 0-0 Bg4 9. h3 Bxf3 10. Qxf3 a6 11. Be2 Nc6 12. d3 Qd6 13. Nd2 Rae8 14. c4 d4 15. e4 e5 16. f5 Bh6 17. Rfd1 gxf5 18. Qxf5 Be3+ 19. Kh1 Bf4 20. h4 Kh8 21. Nf1 Rg8 22. Qh3 Rg7 23. g3 Reg8 24. gxf4 Rg1+ 25. Kh2 exf4 26. Bf3 Ne5 27. Nd2 R1g3 28. Qf1 Nfg4+ 29. Bxg4 Nxg4+ 30. Kh1 Rh3+ 31. Qxh3 Nf2+ 0-1

[Event "Chioggia op-A 14th"]
[Site "Chioggia"]
[Date "2019.10.05"]
[Round "3"]
[White "Capaliku, Aleks"]
[Black "Zamengo, Bruno"]
[Result "0-1"]
[WhiteElo "2015"]
[BlackElo "1909"]
[PlyCount "78"]
[EventDate "2019.10.04"]
[EventType "swiss"]
[EventRounds "5"]
[EventCountry "ITA"]
[SourceTitle "EXT 2022"]
[Source "ChessBase"]
[SourceDate "2021.10.06"]
[SourceVersion "1"]
[SourceVersionDate "2021.10.06"]
[SourceQuality "1"]

1. f4 d5 2. b3 e5 3. fxe5 Qh4+ 4. g3 Qd4 5. c3 Qxe5 6. Nf3 Qh5 7. Bg2 Nf6 8. 0-0 Bg4 9. d4 Bd6 10. Ba3 Nbd7 11. Bxd6 cxd6 12. Nh4 0-0 13. Bf3 Rae8 14. Qd3 Ne4 15. c4 dxc4 16. bxc4 Ndf6 17. Nd2 Nxd2 18. Qxd2 Ne4 19. Qd3 Bxf3 20. exf3 Nf6 21. Qf5 Qxf5 22. Nxf5 d5 23. c5 b6 24. c6 g6 25. Nh4 Re6 26. Rfe1 Rxc6 27. Re7 a6 28. Ra7 b5 29. Re1 Re8 30. Rxe8+ Nxe8 31. a3 Nd6 32. f4 Nc4 33. Nf3 f6 34. g4 Nxa3 35. Rd7 b4 36. Rxd5 b3 37. Rd8+ Kf7 38. Rb8 Nb5 39. d5 b2 0-1

[Event "Nova Gorica op 24th"]
[Site "Nova Gorica"]
[Date "2019.01.31"]
[Round "9"]
[White "Ceschia, Ivano"]
[Black "Capaliku, Aleks"]
[Result "0-1"]
[WhiteElo "2329"]
[BlackElo "2023"]
[PlyCount "114"]
[EventDate "2019.01.25"]
[EventType "swiss"]
[EventRounds "9"]
[EventCountry "SLO"]
[SourceTitle "CBM 188 Extra"]
[Source "ChessBase"]
[SourceDate "2019.02.26"]
[SourceVersion "1"]
[SourceVersionDate "2019.02.26"]
[SourceQuality "1"]

1. e4 e5 2. Nf3 Nc6 3. Bb5 a6 4. Ba4 Bc5 5. Nc3 d6 6. 0-0 Nf6 7. d4 exd4 8. Nxd4 Bd7 9. Nxc6 bxc6 10. Bg5 h6 11. Bh4 g5 12. Bg3 h5 13. e5 h4 14. exf6 hxg3 15. Ne4 gxf2+ 16. Kh1 Bb6 17. Qe2 Kf8 18. Qd2 Rh6 19. Qxg5 Rg6 20. Qh5 Kg8 21. Nxf2 Qxf6 22. Ne4 Qg7 23. Qf3 f5 24. Ng3 Rxg3 25. Qxg3 Qxg3 26. hxg3 Kg7 27. Rf4 Be3 28. Rh4 Bg5 29. Re1 Bxh4 30. gxh4 Kf6 31. Bb3 Rb8 32. c3 c5 33. Re2 Rh8 34. g3 Bc6+ 35. Kh2 Be4 36. Kh3 d5 37. g4 fxg4+ 38. Kxg4 Ke5 39. h5 Rg8+ 40. Kh4 c4 41. Ba4 Kf4 42. Bd7 c5 43. Be6 Rg1 44. h6 Rg6 45. Rf2+ Ke3 46. h7 Rh6+ 47. Kg5 Rxh7 48. Rf8 Rb7 49. Re8 Kd3 50. Rc8 Rxb2 51. Rxc5 Rxa2 52. Bxd5 Bxd5 53. Rxd5+ Kxc3 54. Kf4 Re2 55. Ra5 Re6 56. Kf5 Rb6 57. Ke4 Kb2 0-1

[Event "Nova Gorica op 24th"]
[Site "Nova Gorica"]
[Date "2019.01.29"]
[Round "7"]
[White "Zamar Kodelja, Jurij"]
[Black "Capaliku, Aleks"]
[Result "1/2-1/2"]
[WhiteElo "2281"]
[BlackElo "2023"]
[PlyCount "27"]
[EventDate "2019.01.25"]
[EventType "swiss"]
[EventRounds "9"]
[EventCountry "SLO"]
[SourceTitle "CBM 188 Extra"]
[Source "ChessBase"]
[SourceDate "2019.02.26"]
[SourceVersion "1"]
[SourceVersionDate "2019.02.26"]
[SourceQuality "1"]

1. d4 d5 2. Nf3 c6 3. Bf4 e6 4. e3 Bd6 5. Bg3 f5 6. c4 Nf6 7. Nc3 0-0 8. Be2 Ne4 9. Bxd6 Qxd6 10. c5 Qe7 11. Ne5 Nd7 12. Nxd7 Bxd7 13. 0-0 e5 14. Nxe4 1/2-1/2

[Event "Palmanova op 6th"]
[Site "Palmanova"]
[Date "2017.12.10"]
[Round "6"]
[White "Marziali, Giulio"]
[Black "Capaliku, Aleks"]
[Result "1-0"]
[WhiteElo "2043"]
[BlackElo "2037"]
[PlyCount "85"]
[EventDate "2017.12.07"]
[EventType "swiss"]
[EventRounds "6"]
[EventCountry "ITA"]
[SourceTitle "CBM 182 Extra"]
[Source "ChessBase"]
[SourceDate "2018.02.23"]
[SourceVersion "1"]
[SourceVersionDate "2018.02.23"]
[SourceQuality "1"]

1. e4 e5 2. Nf3 Nc6 3. Bc4 Bc5 4. c3 Nf6 5. d3 d6 6. 0-0 0-0 7. a4 a5 8. Nbd2 Ne7 9. d4 exd4 10. cxd4 Ba7 11. Re1 Ng6 12. Bf1 Re8 13. b3 d5 14. e5 Ng4 15. Bb2 c5 16. h3 Nh6 17. Rc1 cxd4 18. Nxd4 Nxe5 19. Nb5 Bb8 20. Qh5 Nf5 21. Qd1 Bd7 22. Nf3 Nxf3+ 23. Qxf3 Be6 24. Bd3 Qg5 25. Bxf5 Qf4 26. Qxf4 Bxf4 27. Bd3 Bxc1 28. Rxc1 Rac8 29. Rxc8 Rxc8 30. Nd4 Bd7 31. f4 f6 32. Kf2 g6 33. Ne2 Kf7 34. Ke3 Bc6 35. Kd4 h5 36. Ba3 g5 37. f5 Re8 38. Bd6 h4 39. Bc7 g4 40. Bxa5 gxh3 41. gxh3 Rg8 42. Be1 Rg5 43. Nf4 1-0

[Event "Palmanova op 6th"]
[Site "Palmanova"]
[Date "2017.12.08"]
[Round "3"]
[White "Capaliku, Aleks"]
[Black "Loiacono, Antonio"]
[Result "0-1"]
[WhiteElo "2037"]
[BlackElo "2211"]
[PlyCount "118"]
[EventDate "2017.12.07"]
[EventType "swiss"]
[EventRounds "6"]
[EventCountry "ITA"]
[SourceTitle "CBM 182 Extra"]
[Source "ChessBase"]
[SourceDate "2018.02.23"]
[SourceVersion "1"]
[SourceVersionDate "2018.02.23"]
[SourceQuality "1"]

1. d4 Nf6 2. Bf4 g6 3. e3 Bg7 4. Nf3 0-0 5. h3 b6 6. c4 Bb7 7. Nc3 d6 8. Be2 Nbd7 9. 0-0 Ne4 10. Qc2 Nxc3 11. Qxc3 e5 12. Bg5 Qe8 13. d5 h6 14. Bh4 g5 15. Bg3 f5 16. Qc2 Bc8 17. e4 f4 18. Bh2 Nf6 19. Nd2 h5 20. f3 g4 21. fxg4 hxg4 22. hxg4 Bxg4 23. Bxg4 Nxg4 24. Rf3 Rf6 25. Nf1 Qd7 26. Qe2 Raf8 27. Rc1 Rg6 28. Rcc3 a5 29. Kh1 Rff6 30. Bg1 Rg5 31. Bf2 Rfg6 32. Bh4 Rh5 33. Rh3 Rgh6 34. Qe1 Bf6 35. Bxf6 Nxf6 36. Kh2 Qh7 37. Nd2 Ng4+ 38. Kg1 Rxh3 39. gxh3 Rxh3 40. Rxh3 Qxh3 41. Qe2 Qe3+ 42. Qxe3 fxe3 43. Nf3 Nf2 44. Ng5 Nd3 45. Kf1 Nxb2 46. Ne6 Nxc4 47. Ke2 b5 48. Kd3 a4 49. Nxc7 b4 50. Nb5 b3 51. axb3 axb3 52. Nc3 Na3 53. Nd1 Nc2 54. Nb2 Kf7 55. Nc4 Kg6 56. Nb2 Kg5 57. Na4 Kf4 58. Nc3 Kf3 59. Ne2 Ne1+ 0-1

[Event "Palmanova op 6th"]
[Site "Palmanova"]
[Date "2017.12.07"]
[Round "1"]
[White "Capaliku, Aleks"]
[Black "Borgo, Giulio"]
[Result "0-1"]
[WhiteElo "2037"]
[BlackElo "2391"]
[PlyCount "76"]
[EventDate "2017.12.07"]
[EventType "swiss"]
[EventRounds "6"]
[EventCountry "ITA"]
[SourceTitle "CBM 182 Extra"]
[Source "ChessBase"]
[SourceDate "2018.02.23"]
[SourceVersion "1"]
[SourceVersionDate "2018.02.23"]
[SourceQuality "1"]

1. f4 c5 2. b3 Nf6 3. Nf3 g6 4. e3 Bg7 5. Bb2 0-0 6. Be2 d6 7. 0-0 e5 8. fxe5 Ng4 9. h3 Nxe5 10. Nxe5 dxe5 11. e4 Qh4 12. d3 Nc6 13. Nd2 Bh6 14. Nf3 Be3+ 15. Kh1 Qh6 16. Bc1 f6 17. Bxe3 Qxe3 18. Qd2 Qxd2 19. Nxd2 Nd4 20. Bd1 Kg7 21. Nc4 Be6 22. Ne3 Rad8 23. c3 Nb5 24. c4 Rxd3 25. Nf5+ Bxf5 26. exf5 Nd4 27. fxg6 hxg6 28. Bf3 Nxf3 29. gxf3 Rfd8 30. Kg2 Rd2+ 31. Rf2 Kf7 32. Re1 Rxf2+ 33. Kxf2 Rd2+ 34. Ke3 Rxa2 35. Rd1 Ke6 36. Rg1 g5 37. h4 gxh4 38. Rg7 b6 0-1

[Event "Lignano Sabbiadoro op 3rd"]
[Site "Lignano Sabbiadoro"]
[Date "2017.07.31"]
[Round "3"]
[White "Capaliku, Aleks"]
[Black "Kopisch, Martin"]
[Result "1/2-1/2"]
[WhiteElo "2016"]
[BlackElo "2138"]
[PlyCount "83"]
[EventDate "2017.07.30"]
[EventType "swiss"]
[EventRounds "9"]
[EventCountry "ITA"]
[SourceTitle "CBM 179 Extra"]
[Source "ChessBase"]
[SourceDate "2017.08.23"]
[SourceVersion "1"]
[SourceVersionDate "2017.08.23"]
[SourceQuality "1"]

1. f4 d5 2. b3 c6 3. Nf3 Nf6 4. e3 Bg4 5. Bb2 Nbd7 6. c4 e6 7. Be2 Bd6 8. 0-0 Bxf3 9. Bxf3 Qb6 10. cxd5 cxd5 11. Nc3 a6 12. d4 Rc8 13. Qd3 0-0 14. f5 Qc7 15. h3 b5 16. Rfc1 Qb8 17. a3 Nb6 18. fxe6 fxe6 19. e4 Bf4 20. Rf1 dxe4 21. Nxe4 Nbd5 22. Nxf6+ Rxf6 23. Bxd5 exd5 24. Bc1 Bh2+ 25. Kh1 Rxf1+ 26. Qxf1 Rf8 27. Qd3 Bg3 28. Be3 Bd6 29. b4 Qe8 30. Bg1 Qf7 31. Bh2 Bxh2 32. Kxh2 Rc8 33. Kh1 Qf4 34. Rf1 Rc1 35. Rxc1 Qxc1+ 36. Kh2 Qf4+ 37. Qg3 Qxd4 38. Qb8+ Kf7 39. Qb7+ Kf8 40. Qb8+ Kf7 41. Qb7+ Kf8 42. Qb8+ 1/2-1/2

[Event "Nova Gorica op 22nd"]
[Site "Nova Gorica"]
[Date "2017.01.29"]
[Round "4"]
[White "Unuk, Laura"]
[Black "Capaliku, Aleks"]
[Result "1/2-1/2"]
[WhiteElo "2241"]
[BlackElo "2049"]
[PlyCount "95"]
[EventDate "2017.01.27"]
[EventType "swiss"]
[EventRounds "9"]
[EventCountry "SLO"]
[SourceTitle "CBM 176 Extra"]
[Source "ChessBase"]
[SourceDate "2017.03.02"]
[SourceVersion "1"]
[SourceVersionDate "2017.03.02"]
[SourceQuality "1"]

1. d4 d5 2. c4 e6 3. Nf3 Nf6 4. g3 c5 5. Bg2 cxd4 6. cxd5 Bb4+ 7. Bd2 Bxd2+ 8. Qxd2 Qxd5 9. Qxd4 Nc6 10. Qxd5 Nxd5 11. 0-0 b6 12. e4 Nde7 13. Nc3 Ba6 14. Rfd1 0-0 15. a3 Rfd8 16. b4 Rxd1+ 17. Rxd1 Rd8 18. Rxd8+ Nxd8 19. Nd2 Nc8 20. b5 Bb7 21. Nc4 Kf8 22. f4 Ke7 23. Kf2 Nd6 24. Nd2 f6 25. Bf1 Bc8 26. Ke3 N6b7 27. Nb3 e5 28. f5 Kd6 29. g4 Bd7 30. Bc4 Be8 31. Nd2 Na5 32. Bf1 Bf7 33. h4 Kc5 34. Na4+ Kd6 35. Nc3 Ndb7 36. g5 Nc5 37. gxf6 gxf6 38. Be2 Ncb3 39. Nf3 Nc4+ 40. Bxc4 Bxc4 41. h5 Kc5 42. h6 Kd6 43. Nh2 Nc5 44. Ng4 Nd7 45. Nf2 Nc5 46. Ng4 Nd7 47. Nf2 Nc5 48. Ng4 1/2-1/2

[Event "Nova Gorica op 22nd"]
[Site "Nova Gorica"]
[Date "2017.01.28"]
[Round "2"]
[White "Srebrnic, Marko"]
[Black "Capaliku, Aleks"]
[Result "1/2-1/2"]
[WhiteElo "2373"]
[BlackElo "2049"]
[PlyCount "89"]
[EventDate "2017.01.27"]
[EventType "swiss"]
[EventRounds "9"]
[EventCountry "SLO"]
[SourceTitle "CBM 176 Extra"]
[Source "ChessBase"]
[SourceDate "2017.03.02"]
[SourceVersion "1"]
[SourceVersionDate "2017.03.02"]
[SourceQuality "1"]

1. Nf3 d5 2. e3 Nf6 3. c4 e6 4. b3 Be7 5. Bb2 b6 6. Qc2 Bb7 7. Be2 0-0 8. 0-0 c5 9. cxd5 Nxd5 10. Nc3 Bf6 11. Rad1 Nd7 12. Nxd5 Bxd5 13. d4 cxd4 14. Bxd4 Bxd4 15. Rxd4 Rc8 16. Qb1 Qc7 17. Ba6 Bb7 18. Rc4 Qb8 19. Rh4 g6 20. Bb5 Bxf3 21. gxf3 Qb7 22. Be2 Nf6 23. Rd4 Rfd8 24. Rfd1 Qe7 25. f4 Rxd4 26. Rxd4 Rd8 27. Qd3 Rxd4 28. Qxd4 Nd5 29. Bf3 Qc5 30. Qxc5 bxc5 31. a3 Kf8 32. Kf1 Ke7 33. Ke2 Nb6 34. Kd3 Kd6 35. Kc3 a5 36. Be2 Ke7 37. h4 h5 38. e4 Kd6 39. Bf3 f5 40. e5+ Kd7 41. b4 cxb4+ 42. axb4 axb4+ 43. Kxb4 Kc7 44. Kb5 Nd7 45. Bc6 1/2-1/2

[Event "Lignano Sabbiadoro op 2nd"]
[Site "Lignano Sabbiadoro"]
[Date "2016.08.03"]
[Round "5"]
[White "Capaliku, Aleks"]
[Black "Boguszlavszkij, Jevgenyij"]
[Result "0-1"]
[WhiteElo "2056"]
[BlackElo "2225"]
[PlyCount "66"]
[EventDate "2016.07.31"]
[EventType "swiss"]
[EventRounds "9"]
[EventCountry "ITA"]
[SourceTitle "CBM 173 Extra"]
[Source "ChessBase"]
[SourceDate "2016.08.29"]
[SourceVersion "1"]
[SourceVersionDate "2016.08.29"]
[SourceQuality "1"]

1. d4 Nf6 2. Bf4 g6 3. e3 Bg7 4. Nf3 Nh5 5. Be5 f6 6. Bf4 Nxf4 7. exf4 d5 8. Bd3 Nc6 9. c3 e5 10. fxe5 fxe5 11. dxe5 Nxe5 12. Nxe5 Bxe5 13. 0-0 0-0 14. Nd2 Qf6 15. Nf3 Bg4 16. Be2 Bxf3 17. Bxf3 c6 18. Be2 Rae8 19. Qd3 Bxh2+ 20. Kxh2 Qe5+ 21. f4 Qxe2 22. Qxe2 Rxe2 23. b3 Rc2 24. Rf3 Re8 25. a4 Ree2 26. Rg1 Rf2 27. Re3 Rxf4 28. Kh3 a5 29. g3 Re4 30. Rf3 Rb2 31. c4 dxc4 32. bxc4 Rb4 33. Rgf1 Re7 0-1

[Event "Nova Gorica op 21st"]
[Site "Nova Gorica"]
[Date "2016.02.04"]
[Round "9"]
[White "Ongut, Tamas Gunes"]
[Black "Capaliku, Aleks"]
[Result "0-1"]
[WhiteElo "1904"]
[BlackElo "1976"]
[PlyCount "51"]
[EventDate "2016.01.29"]
[EventType "swiss"]
[EventRounds "9"]
[EventCountry "SLO"]
[SourceTitle "CBM 170 Extra"]
[Source "ChessBase"]
[SourceDate "2016.02.25"]
[SourceVersion "1"]
[SourceVersionDate "2016.02.25"]
[SourceQuality "1"]

1. e4 e5 2. Nf3 Nc6 3. Bc4 Bc5 4. 0-0 Nf6 5. d3 d6 6. h3 Na5 7. Nbd2 0-0 8. c3 Nxc4 9. Nxc4 b5 10. Ne3 Bb6 11. Kh2 h6 12. g4 Re8 13. Nf5 d5 14. Qe2 Bxf5 15. gxf5 Qd6 16. Rg1 Kf8 17. Bd2 Rad8 18. Rae1 dxe4 19. dxe4 Qd3 20. Kg2 c5 21. Qxd3 Rxd3 22. Bc1 c4 23. Re2 Nd7 24. Ne1 Rd6 25. Nc2 Nc5 26. Ne3 0-1

[Event "Nova Gorica op 21st"]
[Site "Nova Gorica"]
[Date "2016.02.03"]
[Round "8"]
[White "Capaliku, Aleks"]
[Black "Srebrnic, Vojko"]
[Result "0-1"]
[WhiteElo "1976"]
[BlackElo "2118"]
[PlyCount "101"]
[EventDate "2016.01.29"]
[EventType "swiss"]
[EventRounds "9"]
[EventCountry "SLO"]
[SourceTitle "CBM 170 Extra"]
[Source "ChessBase"]
[SourceDate "2016.02.25"]
[SourceVersion "1"]
[SourceVersionDate "2016.02.25"]
[SourceQuality "1"]

1. d4 g6 2. e4 Bg7 3. Nf3 c6 4. Bd3 d5 5. exd5 cxd5 6. 0-0 Nf6 7. Re1 Bg4 8. c3 0-0 9. Nbd2 Nc6 10. h3 Bxf3 11. Nxf3 e6 12. Bg5 Qb6 13. Qd2 Rac8 14. Re2 a6 15. Bh6 Qc7 16. Bxg7 Kxg7 17. Ne5 Nxe5 18. Rxe5 Nd7 19. Re2 Nb6 20. Qe3 Qd6 21. Qe5+ Qxe5 22. Rxe5 Nc4 23. Re2 Rc6 24. Bxc4 Rxc4 25. a3 b5 26. Rd1 a5 27. f4 b4 28. axb4 axb4 29. Re3 Ra8 30. cxb4 Rxb4 31. b3 Ra2 32. Kh2 Rb2 33. Rdd3 Kf6 34. Kg3 Ke7 35. Kf3 Kd6 36. g4 Rb1 37. g5 Rb7 38. Rc3 Rd1 39. Red3 Rf1+ 40. Kg3 Rb5 41. Rc8 Rb1 42. Rcc3 Kd7 43. Kf2 Rb8 44. Re3 Rb7 45. Red3 Ra7 46. Rc2 Rb7 47. Rcc3 Rb4 48. Ke2 Rb2+ 49. Kf3 Rh2 50. Kg3 Re2 51. Rc5 0-1

[Event "Nova Gorica op 21st"]
[Site "Nova Gorica"]
[Date "2016.01.31"]
[Round "4"]
[White "Capaliku, Aleks"]
[Black "Unuk, Laura"]
[Result "1/2-1/2"]
[WhiteElo "1976"]
[BlackElo "2246"]
[PlyCount "88"]
[EventDate "2016.01.29"]
[EventType "swiss"]
[EventRounds "9"]
[EventCountry "SLO"]
[SourceTitle "CBM 170 Extra"]
[Source "ChessBase"]
[SourceDate "2016.02.25"]
[SourceVersion "1"]
[SourceVersionDate "2016.02.25"]
[SourceQuality "1"]

1. e3 d5 2. f4 g6 3. Nf3 Bg7 4. d4 Nf6 5. Bd3 0-0 6. 0-0 c5 7. c3 b6 8. Qe2 Bb7 9. f5 gxf5 10. Bxf5 e6 11. Bd3 Ne4 12. Nbd2 f5 13. g3 Nc6 14. Nh4 Qg5 15. Ng2 Rf6 16. Nf3 Qg4 17. Nfh4 Qxe2 18. Bxe2 Rh6 19. Nf3 Bf6 20. Nf4 Kf7 21. Bd2 Rc8 22. Rad1 Ke7 23. Be1 Bh8 24. Kg2 c4 25. Nd2 Nf6 26. h3 Rg8 27. Bf3 b5 28. Rh1 Kd6 29. Be2 e5 30. dxe5+ Nxe5 31. Nf3 Nxf3 32. Bxf3 Re8 33. Bf2 Ne4 34. Ne2 Rg6 35. Nd4 Bxd4 36. Rxd4 Rge6 37. Bxe4 Rxe4 38. Rhd1 Kc5 39. Rxe4 Rxe4 40. Rd4 h5 41. Rxe4 fxe4 42. Be1 a5 43. a3 Bc8 44. h4 a4 1/2-1/2

[Event "Nova Gorica op 21st"]
[Site "Nova Gorica"]
[Date "2016.01.30"]
[Round "2"]
[White "Capaliku, Aleks"]
[Black "Ceschia, Ivano"]
[Result "0-1"]
[WhiteElo "1976"]
[BlackElo "2229"]
[PlyCount "65"]
[EventDate "2016.01.29"]
[EventType "swiss"]
[EventRounds "9"]
[EventCountry "SLO"]
[SourceTitle "CBM 170 Extra"]
[Source "ChessBase"]
[SourceDate "2016.02.25"]
[SourceVersion "1"]
[SourceVersionDate "2016.02.25"]
[SourceQuality "1"]

1. d4 Nf6 2. Bf4 e6 3. Nf3 c5 4. e3 Qb6 5. b3 Nc6 6. c3 Qa5 7. Qc2 b6 8. Be2 Ba6 9. h3 Nd5 10. Bg3 Bxe2 11. Kxe2 cxd4 12. exd4 Rc8 13. Rd1 Be7 14. Kf1 0-0 15. c4 Nf6 16. Nbd2 d5 17. a3 Qa6 18. Kg1 Na5 19. Rdc1 Rfd8 20. Qd3 Ne4 21. Bf4 Bf6 22. Be3 Nxd2 23. Nxd2 e5 24. dxe5 Bxe5 25. Rab1 dxc4 26. Qe2 b5 27. a4 bxa4 28. bxc4 a3 29. Rc2 Bb2 30. Qf1 Rb8 31. Ne4 Qg6 32. f3 f5 33. Nc5 0-1